01157nam a2200193Ia 4500001001100000003001000011008004100021040002500062041001300087100002200100245006600122250001100188260009200199300001200291500026600303501011400569520026600683650001400949L268-21503IT-CnALBA170116s9999||||xx |||||||||||||| ||und|| aIT-CnALBAcIT-CnALBA aITALIANO aGUIDETTI MARIA L. 0aGUIDA ALLA SPIEGAZIONE DELLA DOTTRINA CRISTIANA CLASSE PRIMA  a1a ed. aCINISELLO BALSAMO (MI)bEDIZIONI PAOLINEc1952 [1° Ed.:1952 - Ed.Ling.Originale: 1952] a127 p.  aUSO DELLA GUIDA. DIO CREATORE E SIGNORE. PERFEZIONI DI DIO. ATTRIBUTI DI DIO. ANGELO CUSTODE. PARADISO. CREAZIONE DELL'UOMO. PECCATO E CASTIGO. TRINITÀ. PROMESSA DEL REDENTORE. ANNUNZIAZIONE. NASCITA DI GESÙ. VITA PUBBLICA. RIVELAZIONE DI GESÙ. PECCATO. M aSocietà San Paolo EM - Piazza San Paolo, 14 - 12051 ALBA (CN) (non commercial uses only) ® Copyright 2017 aUSO DELLA GUIDA. DIO CREATORE E SIGNORE. PERFEZIONI DI DIO. ATTRIBUTI DI DIO. ANGELO CUSTODE. PARADISO. CREAZIONE DELL'UOMO. PECCATO E CASTIGO. TRINITÀ. PROMESSA DEL REDENTORE. ANNUNZIAZIONE. NASCITA DI GESÙ. VITA PUBBLICA. RIVELAZIONE DI GESÙ. PECCATO. M aCATECHESI